[Event "XXVI Festival A"]
[Site "Porto San Giorgio ITA"]
[Date "2015.08.22"]
[Round "1"]
[White "Aleksic, Nenad"]
[Black "Tonel, Giulia"]
[WhiteElo "2337"]
[BlackElo "2031"]
[Result "1-0"]
[PlyCount "71"]
[EventDate "2015.08.22"]

1. e4 d6 2. d4 Nf6 3. Nc3 g6 4. Bg5 Bg7 5. Qd2 h6 6. Bh4 g5 7. Bg3 Nh5 8. Nge2
Nc6 9. O-O-O Bd7 10. Kb1 a6 11. f3 Nxg3 12. hxg3 e6 13. f4 Na5 14. Nc1 b5 15.
e5 Nb7 16. Ne4 Bc6 17. Bd3 Bxe4 18. Bxe4 d5 19. Bf3 c5 20. dxc5 Nxc5 21. Rhe1
Rc8 22. Nb3 Na4 23. Nd4 Bf8 24. f5 b4 25. fxe6 Nc3+ 26. bxc3 bxc3 27. exf7+ Kd7
28. Bg4+ Ke7 29. Nf5+ Kxf7 30. Qxd5+ Qxd5 31. Rxd5 Rb8+ 32. Kc1 h5 33. e6+ Ke8
34. e7 hxg4 35. exf8=Q+ Kxf8 36. Rc5 1-0

[Event "XXVI Festival A"]
[Site "Porto San Giorgio ITA"]
[Date "2015.08.22"]
[Round "1"]
[White "Fagnani, Alessandro"]
[Black "Vezzosi, Paolo"]
[WhiteElo "2040"]
[BlackElo "2347"]
[Result "0-1"]
[PlyCount "40"]
[EventDate "2015.08.22"]

1. e4 e6 2. d4 d5 3. e5 c5 4. c3 Nc6 5. Nf3 Qb6 6. a3 Nh6 7. b4 cxb4 8. cxb4
Nf5 9. Bb2 Be7 10. Bd3 a5 11. Bxf5 exf5 12. Nc3 Be6 13. b5 a4 14. bxc6 Qxb2 15.
Nxa4 Rxa4 16. Qxa4 Qxa1+ 17. Ke2 Qa2+ 18. Nd2 bxc6 19. Qxc6+ Bd7 20. Qc7 Bb5+
0-1

[Event "XXVI Festival A"]
[Site "Porto San Giorgio ITA"]
[Date "2015.08.22"]
[Round "1"]
[White "Gilevych, Artem"]
[Black "D'Alfonso, Nicola"]
[WhiteElo "2409"]
[BlackElo "2055"]
[Result "1-0"]
[PlyCount "111"]
[EventDate "2015.08.22"]

1. d4 f5 2. Nf3 Nf6 3. Bf4 e6 4. e3 Be7 5. Bc4 d6 6. c3 O-O 7. Nbd2 Ne4 8. h3
d5 9. Bd3 Nd7 10. Qe2 c5 11. O-O b6 12. Rad1 Bb7 13. c4 Ndf6 14. cxd5 exd5 15.
dxc5 Nxc5 16. Nd4 Nfe4 17. Bb5 Rc8 18. Nxe4 fxe4 19. b4 a6 20. bxc5 axb5 21.
Ne6 Qe8 22. Nxf8 Bxc5 23. Nxh7 Kxh7 24. Rc1 b4 25. Rfd1 Ra8 26. Qb2 Qg6 27. Rd2
Ra3 28. Rcd1 Rd3 29. Rxd3 exd3 30. Qb3 d4 31. Qxd3 Be4 32. Qf1 d3 33. Kh2 Bd5
34. Qxd3 Bxa2 35. Be5 Be6 36. g4 b3 37. Qxg6+ Kxg6 38. f4 Bf7 39. Rd7 Bxe3 40.
f5+ Kh7 41. Rxf7 Bf4+ 42. Kg2 Bxe5 43. Rd7 b2 44. Rd1 Kg8 45. Kf3 Kf7 46. Ke4
Bf6 47. Kd3 Be5 48. Kc2 Ke7 49. Re1 Kf6 50. Rxe5 Kxe5 51. Kxb2 Kf4 52. Kb3 Kg3
53. Kc4 Kh4 54. Kb5 Kxh3 55. g5 Kg4 56. f6 1-0

[Event "XXVI Festival A"]
[Site "Porto San Giorgio ITA"]
[Date "2015.08.22"]
[Round "1"]
[White "Lateana, Domenico"]
[Black "De Santis, Alessio"]
[WhiteElo "2026"]
[BlackElo "2291"]
[Result "0-1"]
[PlyCount "31"]
[EventDate "2015.08.22"]

1. c4 b6 2. Nc3 Bb7 3. e4 e6 4. d4 f5 5. f3 Bb4 6. exf5 Nh6 7. fxe6 dxe6 8. Be3
Nf5 9. Bf2 Nc6 10. a3 Bxc3+ 11. bxc3 O-O 12. Bd3 Qg5 13. g3 Na5 14. f4 Qh6 15.
Nf3 e5 16. dxe5 0-1

[Event "XXVI Festival A"]
[Site "Porto San Giorgio ITA"]
[Date "2015.08.22"]
[Round "1"]
[White "Rago, Riccardo"]
[Black "Drasko, Milan"]
[WhiteElo "2075"]
[BlackElo "2439"]
[Result "0-1"]
[PlyCount "72"]
[EventDate "2015.08.22"]

1. e4 e6 2. d4 d5 3. Nd2 Nc6 4. c3 e5 5. exd5 Qxd5 6. dxe5 Nxe5 7. Ngf3 Nd3+ 8.
Bxd3 Qxd3 9. Qa4+ Bd7 10. Qe4+ Qxe4+ 11. Nxe4 Bc6 12. Ned2 O-O-O 13. O-O Re8
14. Re1 Rxe1+ 15. Nxe1 Nh6 16. Nb3 Nf5 17. Nd4 Nxd4 18. cxd4 Be7 19. Bd2 Rd8
20. Bc3 Bf6 21. Rd1 Bd5 22. b3 c5 23. Ba1 Bc6 24. Nc2 Be4 25. Rd2 b6 26. f3
Bxc2 27. Rxc2 Kb7 28. Rd2 cxd4 29. Kf2 Kc6 30. Rc2+ Kb7 31. Rd2 Rd7 32. Bb2 Kc6
33. Rc2+ Kb5 34. Rd2 d3 35. Bxf6 gxf6 36. a3 a5 0-1

[Event "XXVI Festival A"]
[Site "Porto San Giorgio ITA"]
[Date "2015.08.22"]
[Round "1"]
[White "Rinaudo, Andrea"]
[Black "Marsili, Riccardo"]
[WhiteElo "2017"]
[BlackElo "2194"]
[Result "1/2-1/2"]
[PlyCount "30"]
[EventDate "2015.08.22"]

1. e4 c5 2. Nf3 Nc6 3. Bb5 g6 4. O-O Bg7 5. Nc3 Nd4 6. Bc4 e6 7. d3 Ne7 8. Nxd4
cxd4 9. Ne2 O-O 10. c3 dxc3 11. Nxc3 b6 12. Bf4 d5 13. exd5 exd5 14. Bb3 Be6
15. Re1 Nc6 1/2-1/2

[Event "XXVI Festival A"]
[Site "Porto San Giorgio ITA"]
[Date "2015.08.22"]
[Round "1"]
[White "Romanishin, Oleg M."]
[Black "Dobboletta, Alex"]
[WhiteElo "2471"]
[BlackElo "2078"]
[Result "1/2-1/2"]
[PlyCount "59"]
[EventDate "2015.08.22"]

1. Nf3 Nf6 2. g3 g6 3. Bg2 Bg7 4. c4 O-O 5. d4 d6 6. Nc3 Nc6 7. O-O Rb8 8. b3
a6 9. Bb2 b5 10. cxb5 axb5 11. Rc1 b4 12. Nb1 Na5 13. Qc2 c6 14. e4 Nd7 15.
Rfd1 Qb6 16. Nbd2 Ba6 17. Nf1 Rfc8 18. Qd2 c5 19. Bh3 Qa7 20. dxc5 Bxb2 21.
Qxb2 Rxc5 22. Bxd7 Rxc1 23. Rxc1 Qxd7 24. Ne3 Bb7 25. Nd2 f5 26. exf5 gxf5 27.
Qd4 Nc6 28. Qh4 e6 29. Qg5+ Qg7 30. Qxg7+ 1/2-1/2

[Event "XXVI Festival A"]
[Site "Porto San Giorgio ITA"]
[Date "2015.08.22"]
[Round "1"]
[White "Ruggeri, Pietro"]
[Black "Carnicelli, Valerio"]
[WhiteElo "2014"]
[BlackElo "2149"]
[Result "1/2-1/2"]
[PlyCount "32"]
[EventDate "2015.08.22"]

1. d4 d5 2. Bf4 e6 3. e3 Bd6 4. Bg3 Nf6 5. Nd2 c5 6. Ngf3 O-O 7. c3 Nc6 8. Bd3
Qe7 9. Ne5 Bxe5 10. dxe5 Nd7 11. Nf3 f5 12. exf6 Nxf6 13. Ne5 Nxe5 14. Bxe5 Bd7
15. O-O Bc6 16. f4 Rad8 1/2-1/2

[Event "XXVI Festival A"]
[Site "Porto San Giorgio ITA"]
[Date "2015.08.22"]
[Round "1"]
[White "Viviani, Alessio"]
[Black "Faccia, Sergio"]
[WhiteElo "2273"]
[BlackElo "2022"]
[Result "1-0"]
[PlyCount "89"]
[EventDate "2015.08.22"]

1. d4 Nf6 2. c4 e5 3. dxe5 Ng4 4. e6 Bb4+ 5. Bd2 Bxd2+ 6. Nxd2 dxe6 7. Ngf3 c5
8. e3 O-O 9. Be2 Nc6 10. O-O b6 11. Ne4 Qe7 12. Qc2 f5 13. Nc3 Bb7 14. Rad1
Rad8 15. h3 Nge5 16. Nxe5 Nxe5 17. f4 Ng6 18. Qa4 Ba8 19. Nb5 Nh4 20. Rf2 Rxd1+
21. Bxd1 Rd8 22. Be2 Rd2 23. Bf1 Rxf2 24. Kxf2 a5 25. Nc7 Be4 26. Qb5 Qd8 27.
Nxe6 Qd2+ 28. Be2 Kf7 29. Ng5+ Ke7 30. Nxe4 fxe4 31. Qxb6 Nxg2 32. Qxc5+ Ke8
33. Qe5+ Kf8 34. Qf5+ Kg8 35. Qd5+ Qxd5 36. cxd5 Nh4 37. Bg4 Kf7 38. Kg3 Ng6
39. Bh5 Ke7 40. Bxg6 hxg6 41. Kg4 Kd6 42. Kg5 Kxd5 43. Kxg6 Kc4 44. Kxg7 Kd3
45. f5 1-0

[Event "XXVI Festival A"]
[Site "Porto San Giorgio ITA"]
[Date "2015.08.22"]
[Round "1"]
[White "Wagner, Bernd"]
[Black "De Carlo, Fabio"]
[WhiteElo "2173"]
[BlackElo "2014"]
[Result "1-0"]
[PlyCount "51"]
[EventDate "2015.08.22"]

1. e4 c5 2. Nf3 e6 3. d4 cxd4 4. Nxd4 a6 5. c4 d6 6. Nc3 Nf6 7. Be3 Be7 8. Be2
Nbd7 9. O-O Qc7 10. Rc1 b6 11. f4 Bb7 12. Bf3 Rc8 13. f5 e5 14. Nd5 Qb8 15. Ne2
Nxd5 16. exd5 b5 17. b3 Bd8 18. Ng3 Bb6 19. Bxb6 Nxb6 20. Nh5 Rg8 21. f6 g6 22.
Ng7+ Rxg7 23. fxg7 Ke7 24. Bg4 Rg8 25. c5 dxc5 26. d6+ 1-0

[Event "XXVI Festival A"]
[Site "Porto San Giorgio ITA"]
[Date "2015.08.23"]
[Round "2"]
[White "Begelman, Boris"]
[Black "Gilevych, Artem"]
[WhiteElo "2125"]
[BlackElo "2409"]
[Result "0-1"]
[PlyCount "114"]
[EventDate "2015.08.22"]

1. e4 e6 2. d4 d5 3. Nc3 Bb4 4. a3 Bxc3+ 5. bxc3 dxe4 6. Qg4 Nf6 7. Qxg7 Rg8 8.
Qh6 Rg6 9. Qe3 Nc6 10. Ne2 Ne7 11. Nf4 Ned5 12. Qe2 Rg8 13. Bd2 Bd7 14. c4 Nxf4
15. Bxf4 Bc6 16. c3 Qe7 17. g3 Ng4 18. Bg2 f5 19. O-O O-O-O 20. f3 Nf6 21. Be5
Nd7 22. Bf4 Nf6 23. Be5 exf3 24. Bxf3 Ne4 25. Bxe4 Bxe4 26. Bf6 Qd6 27. Be5 Qc6
28. Rf4 Rd7 29. c5 Bd5 30. a4 a6 31. Qb2 Rf7 32. Qe2 h6 33. Qh5 Rh7 34. Bf6 Kb8
35. Qe2 Be4 36. Qa2 h5 37. Raf1 Rg6 38. Bh4 Bd5 39. Qc2 Be4 40. Qa2 Rd7 41. Qc4
e5 42. R4f2 Rg4 43. h3 Rg6 44. Kh2 Ka7 45. Rg1 Rd5 46. Qb4 exd4 47. cxd4 Qd7
48. Rd1 Qc6 49. Rg1 Rg7 50. Rd1 Rgd7 51. Rb2 Rxc5 52. Be7 Rc4 53. Qa3 Rc2+ 54.
Rd2 Rc1 55. Rg2 Bxg2 56. Rxg2 b6 57. Bg5 Rc2 0-1

[Event "XXVI Festival A"]
[Site "Porto San Giorgio ITA"]
[Date "2015.08.23"]
[Round "2"]
[White "Bellincampi, Stefano"]
[Black "Wagner, Bernd"]
[WhiteElo "2012"]
[BlackElo "2173"]
[Result "1/2-1/2"]
[PlyCount "41"]
[EventDate "2015.08.22"]

1. Nf3 d5 2. d4 e6 3. c4 c6 4. Nc3 f5 5. Bf4 Nf6 6. e3 Be7 7. h3 O-O 8. Bd3 Ne4
9. Qc2 Nd7 10. Ne5 Nxe5 11. Bxe5 Bd7 12. O-O Be8 13. Ne2 Bf6 14. Bh2 g5 15. f3
Nd6 16. c5 Nf7 17. g4 Nh6 18. Bd6 Be7 19. Be5 Bg6 20. Ng3 Qe8 21. Rae1 1/2-1/2

[Event "XXVI Festival A"]
[Site "Porto San Giorgio ITA"]
[Date "2015.08.23"]
[Round "2"]
[White "Carnicelli, Valerio"]
[Black "Rinaudo, Andrea"]
[WhiteElo "2149"]
[BlackElo "2017"]
[Result "1-0"]
[PlyCount "89"]
[EventDate "2015.08.22"]

1. e4 c5 2. Nf3 Nc6 3. d4 cxd4 4. Nxd4 e5 5. Nb5 d6 6. N1c3 a6 7. Na3 b5 8. Nd5
Nf6 9. Bg5 Be7 10. Bxf6 Bxf6 11. c3 Bg5 12. Nc2 O-O 13. a4 bxa4 14. Rxa4 a5 15.
Bc4 Bd7 16. Ra2 a4 17. O-O Na5 18. Be2 Nb3 19. Nce3 Nc5 20. Qc2 Bxe3 21. Nxe3
Bc6 22. Bf3 Qc7 23. Rd1 Rad8 24. Nd5 Bxd5 25. Rxd5 Qc6 26. Ra1 Rb8 27. Rad1
Rfd8 28. Qd2 h6 29. h4 Qb6 30. h5 Qxb2 31. Qxb2 Rxb2 32. Rxc5 Ra8 33. Rcd5 a3
34. Rxd6 a2 35. Ra1 Ra3 36. Rd3 Rab3 37. Bd1 Ra3 38. Bg4 Rab3 39. Kh2 Rxf2 40.
Kg3 Rb1 41. Kxf2 Rxa1 42. Rd8+ Kh7 43. Ra8 g5 44. Ra7 Kg7 45. Be6 1-0

[Event "XXVI Festival A"]
[Site "Porto San Giorgio ITA"]
[Date "2015.08.23"]
[Round "2"]
[White "De Santis, Alessio"]
[Black "Allegranti, Luca"]
[WhiteElo "2291"]
[BlackElo "1915"]
[Result "1-0"]
[PlyCount "69"]
[EventDate "2015.08.22"]

1. d4 e6 2. g3 d5 3. Bg2 Nf6 4. Nf3 c5 5. e3 Nc6 6. O-O cxd4 7. exd4 Be7 8.
Nbd2 O-O 9. c3 a5 10. a4 b6 11. Ne5 Bb7 12. f4 Rc8 13. Qe2 Nb8 14. Re1 Ba6 15.
Qf3 Nc6 16. h4 h5 17. Bh3 Nxe5 18. fxe5 Ng4 19. Bxg4 hxg4 20. Qxg4 Bd3 21. Nf3
Bf5 22. Qh5 Bg6 23. Qg4 Bf5 24. Qf4 f6 25. exf6 Rxf6 26. Ne5 Bd6 27. Qg5 Bxe5
28. Rxe5 Rg6 29. Qxd8+ Rxd8 30. Bg5 Rc8 31. Re2 Re8 32. Ra3 Be4 33. c4 e5 34.
dxe5 Bd3 35. Rxd3 1-0

[Event "XXVI Festival A"]
[Site "Porto San Giorgio ITA"]
[Date "2015.08.23"]
[Round "2"]
[White "Drasko, Milan"]
[Black "Cardili, Mariano"]
[WhiteElo "2439"]
[BlackElo "2093"]
[Result "1-0"]
[PlyCount "75"]
[EventDate "2015.08.22"]

1. Nf3 d5 2. g3 Nf6 3. Bg2 c6 4. O-O e6 5. b3 Nbd7 6. c4 Be7 7. Bb2 O-O 8. Qc2
b6 9. d3 Bb7 10. e4 Rc8 11. Nc3 Qc7 12. h3 b5 13. e5 Ne8 14. Rfe1 Nb6 15. Ne2
bxc4 16. bxc4 c5 17. Nf4 Qb8 18. Re2 Nc7 19. h4 Qa8 20. Nd2 Rfd8 21. Bc3 dxc4
22. dxc4 Bxg2 23. Nxg2 Na6 24. a3 Nb8 25. a4 Na6 26. a5 Nd7 27. Ne4 Ndb8 28.
Rd1 Rxd1+ 29. Qxd1 Rd8 30. Rd2 Rxd2 31. Nxd2 Nc6 32. Qf3 Qc8 33. Nf4 h6 34. Qg4
Qc7 35. Nh5 Bf8 36. Ne4 Qb8 37. Nef6+ Kh8 38. Qe4 1-0

[Event "XXVI Festival A"]
[Site "Porto San Giorgio ITA"]
[Date "2015.08.23"]
[Round "2"]
[White "Marsili, Riccardo"]
[Black "Ruggeri, Pietro"]
[WhiteElo "2194"]
[BlackElo "2014"]
[Result "1/2-1/2"]
[PlyCount "141"]
[EventDate "2015.08.22"]

1. e4 Nf6 2. e5 Nd5 3. d4 d6 4. Bc4 c6 5. Ne2 Be6 6. O-O dxe5 7. dxe5 b5 8. Bb3
Nd7 9. Nd4 Qb6 10. Nxe6 fxe6 11. Nd2 g6 12. c4 Nc7 13. cxb5 cxb5 14. Nf3 Rd8
15. Qe2 Bg7 16. Bf4 O-O 17. Bg5 Rfe8 18. Rfd1 h6 19. Be3 Qb7 20. Rac1 Nf8 21.
Rxd8 Rxd8 22. h3 a6 23. Nd4 Nd5 24. Qg4 h5 25. Qg5 Kh7 26. Qg3 Nxe3 27. Qxe3
Bh6 28. f4 Qb6 29. Rd1 a5 30. g4 hxg4 31. hxg4 a4 32. Bc2 Qc5 33. Qe4 Kg8 34.
Kg2 Bg7 35. g5 Qc4 36. b3 Qb4 37. a3 Qc3 38. Ne2 Rd2 39. Rxd2 Qxd2 40. bxa4
bxa4 41. Kf2 Qd7 42. Qxa4 Qb7 43. Qe4 Qa7+ 44. Qe3 Qa8 45. Be4 Qa4 46. Qd3 Kf7
47. Nd4 Qa7 48. Kf3 Qc5 49. Ne2 Bxe5 50. fxe5 Qxe5 51. Kg4 Qh2 52. Ng3 Qa2 53.
Ne2 Qa1 54. Qf3+ Kg8 55. Kh3 Nh7 56. Kg4 Nf8 57. Qb3 Qh8 58. Nf4 Qe5 59. Bxg6
Nxg6 60. Nxg6 Qf5+ 61. Kh5 Kf7 62. Nh4 Qh7+ 63. Kg4 Qe4+ 64. Kh3 Qh1+ 65. Kg3
Qe1+ 66. Kg4 Qe4+ 67. Kg3 Qe1+ 68. Kg2 Qxh4 69. g6+ Kxg6 70. Qxe6+ Qf6 71.
Qxf6+ 1/2-1/2

[Event "XXVI Festival A"]
[Site "Porto San Giorgio ITA"]
[Date "2015.08.23"]
[Round "2"]
[White "Rinaudo, Sergio"]
[Black "Aleksic, Nenad"]
[WhiteElo "2087"]
[BlackElo "2337"]
[Result "1/2-1/2"]
[PlyCount "40"]
[EventDate "2015.08.22"]

1. d4 Nf6 2. Nf3 b6 3. c4 e6 4. g3 Bb7 5. Bg2 g6 6. O-O Bg7 7. Nc3 Ne4 8. Qc2
Nxc3 9. Qxc3 d6 10. Bg5 Qc8 11. Qd2 h6 12. Be3 Nd7 13. b4 Nf6 14. Rac1 Qd8 15.
Rfd1 Ng4 16. d5 e5 17. Nh4 a5 18. a3 axb4 19. axb4 O-O 20. c5 Nxe3 1/2-1/2

[Event "XXVI Festival A"]
[Site "Porto San Giorgio ITA"]
[Date "2015.08.23"]
[Round "2"]
[White "Vezzosi, Paolo"]
[Black "Calandri, Fausto"]
[WhiteElo "2347"]
[BlackElo "2088"]
[Result "1-0"]
[PlyCount "65"]
[EventDate "2015.08.22"]

1. Nf3 Nf6 2. c4 e6 3. Nc3 c5 4. g3 b6 5. Bg2 Bb7 6. O-O Be7 7. Re1 O-O 8. e4
d6 9. d4 cxd4 10. Nxd4 Qc8 11. Be3 a6 12. Rc1 Nbd7 13. f4 Rb8 14. Bf2 Qc7 15.
f5 e5 16. Nd5 Qd8 17. Nb3 Nxd5 18. exd5 Nc5 19. h4 Bc8 20. Qc2 Bd7 21. Rf1 Qc8
22. Be3 Nxb3 23. axb3 a5 24. Be4 f6 25. Qf2 Bd8 26. Rc2 Kh8 27. Kh2 Rg8 28. Qf3
Qc7 29. Rg1 Be7 30. g4 Rbf8 31. g5 Qb8 32. g6 h6 33. Qh5 1-0

[Event "XXVI Festival A"]
[Site "Porto San Giorgio ITA"]
[Date "2015.08.23"]
[Round "2"]
[White "Villani, Cristian"]
[Black "Romanishin, Oleg M."]
[WhiteElo "2013"]
[BlackElo "2471"]
[Result "0-1"]
[PlyCount "118"]
[EventDate "2015.08.22"]

1. Nf3 Nf6 2. c4 e6 3. Nc3 Bb4 4. Qc2 c5 5. a3 Ba5 6. g3 Nc6 7. Bg2 O-O 8. O-O
d6 9. d3 e5 10. e4 Bg4 11. h3 Bxf3 12. Bxf3 Nd4 13. Qd1 Nxf3+ 14. Qxf3 Bxc3 15.
bxc3 Ne8 16. Rb1 Rb8 17. Bd2 Qd7 18. Qg2 Nc7 19. f4 exf4 20. Bxf4 Ne6 21. Be3
b5 22. Qa2 Nc7 23. Kh2 Qe6 24. Bf4 Rb6 25. Qb3 bxc4 26. Qxc4 Rfb8 27. Rxb6 Rxb6
28. Rd1 h6 29. Rd2 g5 30. Be3 Qxc4 31. dxc4 Ne6 32. Rd3 Ra6 33. e5 dxe5 34. Rd5
Rxa3 35. Rxe5 Rxc3 36. Bxc5 Rc2+ 37. Kg1 a6 38. Be3 Rxc4 39. Ra5 Rc6 40. h4 f6
41. hxg5 hxg5 42. Kg2 Kf7 43. Kf3 Kg6 44. g4 Nc7 45. Ke4 Re6+ 46. Kf3 Nb5 47.
Ra1 Rc6 48. Ke4 Kf7 49. Kd5 Re6 50. Bg1 Nc3+ 51. Kd4 Ne2+ 52. Kd3 Nxg1 53. Rxg1
a5 54. Ra1 Re5 55. Kd4 Rb5 56. Ke4 Rb4+ 57. Kf3 a4 58. Ra2 Rf4+ 59. Kg3 Ke6 0-1

[Event "XXVI Festival A"]
[Site "Porto San Giorgio ITA"]
[Date "2015.08.23"]
[Round "2"]
[White "Vincenzi, Marco"]
[Black "Viviani, Alessio"]
[WhiteElo "2083"]
[BlackElo "2273"]
[Result "0-1"]
[PlyCount "90"]
[EventDate "2015.08.22"]

1. d4 Nf6 2. c4 g6 3. Nc3 Bg7 4. e4 d6 5. Nf3 O-O 6. Be2 e5 7. O-O Nc6 8. d5
Ne7 9. Ne1 Nd7 10. Nd3 f5 11. f3 f4 12. Bd2 g5 13. Rc1 Ng6 14. c5 Nf6 15. cxd6
cxd6 16. Nb5 Qb6+ 17. Nf2 g4 18. Nc7 Rb8 19. Qb3 Qd4 20. Qb4 g3 21. Qxd4 gxh2+
22. Kxh2 exd4 23. Bb4 Rd8 24. Nb5 Ne8 25. Nxa7 Bd7 26. Bb5 Ra8 27. Bxd7 Rxd7
28. Nb5 Rxa2 29. Ba3 Ne5 30. Nxd4 Nc7 31. Ne6 Nb5 32. Nh3 Nd3 33. Rc8+ Kf7 34.
Nxg7 Kxg7 35. Ng5 Nxa3 36. bxa3 Nc5 37. e5 Kh6 38. e6 Rg7 39. Nf7+ Kh5 40. Rg1
Re2 41. Nxd6 Rg5 42. Rh8 Rxd5 43. Rc1 Nd3 44. Ne4 Kh6 45. Rc7 Rh5+ 0-1

[Event "XXVI Festival A"]
[Site "Porto San Giorgio ITA"]
[Date "2015.08.24"]
[Round "3"]
[White "Aleksic, Nenad"]
[Black "Bellincampi, Stefano"]
[WhiteElo "2337"]
[BlackElo "2012"]
[Result "1-0"]
[PlyCount "53"]
[EventDate "2015.08.22"]

1. e4 e5 2. Nf3 Nc6 3. Bc4 Nf6 4. d3 Be7 5. Nbd2 O-O 6. c3 d6 7. Bb3 Na5 8. Bc2
c5 9. Nf1 h6 10. Ng3 Re8 11. O-O Nc6 12. h3 Bf8 13. Nh2 d5 14. Qf3 Be6 15. Nf5
Kh7 16. Ng4 Ng8 17. Nge3 d4 18. Ng4 h5 19. Nxe5 g6 20. Nxc6 bxc6 21. Ng3 c4 22.
cxd4 Qxd4 23. Ne2 Qb6 24. Nf4 cxd3 25. Nxe6 fxe6 26. Bxd3 Bg7 27. e5 1-0

[Event "XXVI Festival A"]
[Site "Porto San Giorgio ITA"]
[Date "2015.08.24"]
[Round "3"]
[White "Faccia, Sergio"]
[Black "Begelman, Boris"]
[WhiteElo "2022"]
[BlackElo "2125"]
[Result "0-1"]
[PlyCount "34"]
[EventDate "2015.08.22"]

1. e4 c5 2. b4 cxb4 3. Bb2 d5 4. exd5 Qxd5 5. d4 Nf6 6. c4 bxc3 7. Nxc3 Qa5 8.
Nf3 e6 9. Qb3 Nc6 10. Bb5 Bb4 11. O-O O-O 12. Bxc6 bxc6 13. Ne5 Bd6 14. Nc4
Bxh2+ 15. Kxh2 Qh5+ 16. Kg3 Qg4+ 17. Kh2 Qh4+ 0-1

[Event "XXVI Festival A"]
[Site "Porto San Giorgio ITA"]
[Date "2015.08.24"]
[Round "3"]
[White "Foglia, Maurizio"]
[Black "Bernardini, Tommaso"]
[WhiteElo "2148"]
[BlackElo "1919"]
[Result "1/2-1/2"]
[PlyCount "95"]
[EventDate "2015.08.22"]

1. d4 Nf6 2. Bg5 g6 3. Bxf6 exf6 4. e3 Bg7 5. g3 O-O 6. Bg2 d6 7. Ne2 c6 8. O-O
Bg4 9. h3 f5 10. c4 Nd7 11. Nbc3 Bxe2 12. Qxe2 Re8 13. Qd2 Nf6 14. Rab1 Qd7 15.
b4 Ne4 16. Qd3 d5 17. cxd5 cxd5 18. Ne2 Rac8 19. Rfc1 Bf8 20. a3 b5 21. f3 Nf6
22. Re1 Rc4 23. Nc1 Bd6 24. f4 Ne4 25. Bxe4 fxe4 26. Qf1 Rc3 27. Nb3 a6 28. g4
Rec8 29. Qf2 R8c7 30. Qa2 Rc2 31. Rb2 R2c3 32. Nc5 Bxc5 33. bxc5 Qc6 34. Rb3
Rc4 35. Qe2 Rb7 36. Qd2 Ra4 37. Reb1 a5 38. Qb2 b4 39. axb4 Raxb4 40. Qc2 Kg7
41. Kf2 Qa4 42. c6 Rc7 43. Qb2 Rxb3 44. Qxb3 Qxb3 45. Rxb3 Rxc6 46. Ra3 Ra6 47.
Ke2 Kf6 48. Kd2 1/2-1/2

[Event "XXVI Festival A"]
[Site "Porto San Giorgio ITA"]
[Date "2015.08.24"]
[Round "3"]
[White "Romanishin, Oleg M."]
[Black "De Santis, Alessio"]
[WhiteElo "2471"]
[BlackElo "2291"]
[Result "1/2-1/2"]
[PlyCount "86"]
[EventDate "2015.08.22"]

1. d4 d6 2. g3 f5 3. Nf3 Nf6 4. Bg2 g6 5. O-O Bg7 6. b3 O-O 7. Bb2 Qe8 8. c4 h6
9. Nc3 c6 10. d5 g5 11. Nd4 c5 12. Nc2 f4 13. Nb5 Na6 14. Ne1 Bd7 15. Qd2 fxg3
16. hxg3 Qh5 17. Bf3 Ng4 18. Bxg4 Qxg4 19. Bxg7 Kxg7 20. Rc1 Bxb5 21. cxb5 Nc7
22. Rc4 Qf5 23. e4 Qg6 24. a4 Ne8 25. Ng2 Nf6 26. Qe2 Nd7 27. Ne3 Ne5 28. Nf5+
Kh7 29. Nxe7 Qe8 30. Nf5 Nxc4 31. Qxc4 Qe5 32. b6 axb6 33. Qb5 Rad8 34. Qxb6
Rd7 35. Qb5 Rdf7 36. Qd3 Rxf5 37. exf5 Qxf5 38. Qxf5+ Rxf5 39. Re1 Rxd5 40.
Re7+ Kg6 41. Rxb7 Rd1+ 42. Kg2 g4 43. a5 Ra1 1/2-1/2

[Event "XXVI Festival A"]
[Site "Porto San Giorgio ITA"]
[Date "2015.08.24"]
[Round "3"]
[White "Ruggeri, Pietro"]
[Black "Lantini, Marco"]
[WhiteElo "2014"]
[BlackElo "2115"]
[Result "1/2-1/2"]
[PlyCount "69"]
[EventDate "2015.08.22"]

1. d4 d5 2. Nf3 Nf6 3. Bg5 c5 4. e3 Ne4 5. Bf4 cxd4 6. exd4 Qb6 7. Qc1 Nc6 8.
c3 Bf5 9. Be2 Rc8 10. O-O e6 11. Nbd2 Be7 12. a3 O-O 13. Be3 Bf6 14. Nxe4 Bxe4
15. Qd2 Na5 16. Ra2 Be7 17. Ne5 Rfd8 18. f3 Bf5 19. g4 f6 20. b4 Nb3 21. Qb2
fxe5 22. Qxb3 Bg6 23. Bf2 e4 24. c4 exf3 25. c5 Qc7 26. Qxf3 Rf8 27. Qg3 Qd8
28. Bd3 Bh4 29. Qh3 Bxd3 30. Qxd3 Qg5 31. Qh3 Bxf2+ 32. Raxf2 Rxf2 33. Rxf2 Rf8
34. Rxf8+ Kxf8 35. Qf3+ 1/2-1/2

[Event "XXVI Festival A"]
[Site "Porto San Giorgio ITA"]
[Date "2015.08.24"]
[Round "3"]
[White "Tonel, Giulia"]
[Black "Marsili, Riccardo"]
[WhiteElo "2031"]
[BlackElo "2194"]
[Result "0-1"]
[PlyCount "60"]
[EventDate "2015.08.22"]

1. d4 Nf6 2. c4 e6 3. Nc3 Bb4 4. Qc2 O-O 5. Bg5 c5 6. dxc5 Na6 7. a3 Bxc3+ 8.
Qxc3 Nxc5 9. Qc2 a5 10. Nf3 a4 11. Nd4 h6 12. Bxf6 Qxf6 13. e3 b6 14. Be2 Bb7
15. Bf3 Bxf3 16. Nxf3 Rac8 17. O-O Nb3 18. Rad1 d5 19. Nd2 Nxd2 20. Rxd2 Rxc4
21. Qb1 Rfc8 22. b3 axb3 23. Qxb3 R8c6 24. h3 Qe7 25. Rd3 Qc5 26. Rfd1 Qa5 27.
Kh2 Rc2 28. e4 dxe4 29. Rd8+ Kh7 30. Qg3 Qg5 0-1

[Event "XXVI Festival A"]
[Site "Porto San Giorgio ITA"]
[Date "2015.08.24"]
[Round "3"]
[White "Viviani, Alessio"]
[Black "Drasko, Milan"]
[WhiteElo "2273"]
[BlackElo "2439"]
[Result "1-0"]
[PlyCount "47"]
[EventDate "2015.08.22"]

1. d4 e6 2. c4 Nf6 3. Nc3 Bb4 4. f3 d5 5. a3 Bxc3+ 6. bxc3 c6 7. e4 dxe4 8.
fxe4 e5 9. Nf3 Nbd7 10. Bd3 c5 11. dxe5 Ng4 12. e6 fxe6 13. e5 Ngxe5 14. Nxe5
Nxe5 15. Qh5+ Nf7 16. O-O g6 17. Bxg6 hxg6 18. Qxg6 Qd7 19. Bg5 Qc7 20. Bf4 Qe7
21. Bd6 Qd7 22. Rad1 e5 23. Bxe5 Qe6 24. Bf6 1-0

[Event "XXVI Festival A"]
[Site "Porto San Giorgio ITA"]
[Date "2015.08.25"]
[Round "4"]
[White "Begelman, Boris"]
[Black "Calandri, Fausto"]
[WhiteElo "2125"]
[BlackElo "2088"]
[Result "1-0"]
[PlyCount "79"]
[EventDate "2015.08.22"]

1. d4 e6 2. e4 d5 3. Nc3 Bb4 4. a3 Bxc3+ 5. bxc3 dxe4 6. Qg4 Nf6 7. Qxg7 Rg8 8.
Qh6 Nbd7 9. Ne2 b6 10. a4 Bb7 11. Ng3 Rg6 12. Qd2 c5 13. a5 Qc7 14. Qf4 Qxf4
15. Bxf4 Ke7 16. dxc5 Nxc5 17. c4 Rgg8 18. Be2 Nfd7 19. f3 exf3 20. gxf3 e5 21.
Be3 Ke6 22. Rf1 f5 23. f4 e4 24. Kf2 Nf6 25. h3 Rgd8 26. Rfb1 Ncd7 27. Rb5 Bc6
28. Rxf5 Rg8 29. Rg5 h6 30. Rxg8 Rxg8 31. Bd1 Kd6 32. Nf5+ Kc7 33. Be2 h5 34.
Ng3 Rh8 35. Nf5 Rh7 36. axb6+ axb6 37. Rg1 Nf8 38. Bd4 Bd7 39. Be5+ Kc6 40.
Nd4+ 1-0

[Event "XXVI Festival A"]
[Site "Porto San Giorgio ITA"]
[Date "2015.08.25"]
[Round "4"]
[White "Bernardini, Tommaso"]
[Black "Romanishin, Oleg M."]
[WhiteElo "1919"]
[BlackElo "2471"]
[Result "0-1"]
[PlyCount "103"]
[EventDate "2015.08.22"]

1. d4 Nf6 2. Nc3 d5 3. Bg5 c6 4. e3 Nbd7 5. f4 Qa5 6. Bxf6 Nxf6 7. Bd3 e6 8. a3
c5 9. Bb5+ Bd7 10. Bxd7+ Nxd7 11. Nf3 Nf6 12. O-O Be7 13. Ne5 O-O 14. Kh1 Rac8
15. Ne2 cxd4 16. exd4 Qa4 17. c3 Qxd1 18. Raxd1 Bd6 19. Ng3 g6 20. Kg1 h5 21.
Rd3 Kg7 22. Re3 h4 23. Nh1 b5 24. Nf2 a5 25. Nfd3 Ne4 26. Nf2 Nd2 27. Rd1 Nc4
28. Nxc4 Rxc4 29. Nd3 b4 30. axb4 axb4 31. Ne5 Rc7 32. g3 hxg3 33. hxg3 Rfc8
34. Rdd3 Ra7 35. Kf2 Ra1 36. Re1 Ra2 37. Re2 Rh8 38. Rdd2 Ra1 39. Kf3 Rf1+ 40.
Rf2 Rb1 41. Rfe2 Rhh1 42. Rc2 Rbf1+ 43. Ke3 g5 44. Rh2 Rxh2 45. Rxh2 Rg1 46.
Kf3 bxc3 47. bxc3 Rc1 48. fxg5 Rxc3+ 49. Kf4 Rd3 50. Re2 Rxd4+ 51. Kf3 Bxe5 52.
Rxe5 0-1